000 00759nam a2200229Ia 4500
003 OSt
005 20220923220945.0
006 a|||||r|||| 00| 0
007 ta
008 220922b |||||||| |||| 00| 0 hin d
024 _a192,762
037 _cTextual
040 _aARTS
_cARTS
_bhin
041 _2hin
_ahin
082 _aV2:1.J6, 152J9;L2
100 _aश्रीवास्तव, आशीर्वादी लाल
_9160396
245 0 _aदिल्ली सल्तनत
_b 711 से 1526 ई तक
246 _aDillī saltanata: 711 se 1526 ī0 taka
260 _c1959
942 _hV2:1.J6, 152J9;L2
_cTEXL
_2CC
999 _c345297
_d345297